Statistiques concernant Pays qui battent l'Arabie Saoudite - Version pétrole et gaz

Cliquez ici pour prendre le quiz!

Statistiques générales

  • Ce quiz a été pris 420 fois
  • Le résultat moyen est 11 sur 20

Statistiques - réponses

RangCatégoriePays% Correct
3Production de pétrole la plus importanteEtats-Unis | Russie
98%
6Consommation de pétrole la plus importanteEtats-Unis | Chine | Inde | Japon | Russie
83%
10Emissions de CO2 les plus importantesChine | Etats-Unis | Inde | Russie | Japon | Allemagne | Iran | Corée du Sud | Indonésie
70%
8Production de gaz naturel la plus importanteEtats-Unis | Russie | Qatar | Iran | Canada | Chine | Norvège
70%
4Le plus deviné au quiz Pays du monde dans l'OPEPAlgérie | Iran | Irak
61%
6Réserves de gaz naturel les plus importantesRussie | Iran | Turkmenistan | Qatar | Etats-Unis
57%
3Changements dans les émissions de CO2 les plus importants (2000-2019)Chine | Inde
56%
8Emissions de CO2 les plus importantes par habitantPalaos | Qatar | Trinité-et-Tobago | Koweit | Emirats Arabes Unis | Bahrein | Oman
56%
7Le plus dépendant de l'export de pétrole en AsieIrak | Azerbaidjan | Turkmenistan | Brunei | Koweit | Qatar
55%
5Le plus peuplé dans l'OPEPIrak | Iran | Nigeria | Algérie
55%
4Plus bas coût de production de carburantIran | Irak | Russie
55%
2Plus grand dans l'OPEPAlgérie
54%
5Le plus de voitures commençant par AAllemagne | Afrique du Sud | Australie | Argentine
52%
4Production de pétrole par habitant la plus importantesKoweit | Qatar | Emirats Arabes Unis
49%
5Carburant le moins cherVenezuela | Iran | Cuba | Soudan
49%
2Réserves de pétrole les plus importantesVenezuela
39%
4Production de gaz naturel la plus importante n'étant pas dans la FPEGEtats-Unis | Canada | Chine
36%
3Commençant par A avec les émissions de CO2 les plus importantes en 1980Afrique du Sud | Australie
35%
2Companie pétrolière avec le chiffre d'affaires le plus élevéChine
26%
2Production de pétrole la plus importante en 1980 *URSS
15%

Distribution des résultats

Percentile par nombre de réponses

% des personnes avec chaque résultat

Votre développement - résultats

Vous n’avez pas pris ce quiz